000 nam a22 7a 4500
999 _c28515
_d28515
008 170308b xxu||||| |||| 00| 0 eng d
020 _a9781111221317
050 _aHD 31 .W55 2012
100 _aWilliams, Chuck
245 _aMGMT /
300 _aviii,392p. :
_bill. ;
500 _aincludes index
942 _2lcc
_cBOOKS
_hHD 31 .W55 2012